| 000 | 00767nam a2200241Ia 4500 | ||
|---|---|---|---|
| 003 | OSt | ||
| 005 | 20221002044139.0 | ||
| 006 | a|||||r|||| 00| 0 | ||
| 007 | ta | ||
| 008 | 220930b |||||||| |||| 00| 0 ben d | ||
| 020 |
_a817612866X (hbk) _c300 |
||
| 024 | _a4233 | ||
| 037 |
_b788, 19/03/2013, Bright Book Service _cReference Collections |
||
| 040 |
_aCRL _cCRL _bben |
||
| 041 |
_2ben _aben |
||
| 082 | _aO157,3N26x, P3.4(RR) | ||
| 100 | _aMahasweta Devi | ||
| 245 | 0 | _aMahasweta Devi rachanasamagra | |
| 260 |
_aKolkata _bSudhangshu Sekhar Dey Dey's _c2003 |
||
| 650 | _aBENGALI LITERATURE | ||
| 942 |
_hO157,3N26x, P3.4(RR) _cref _2CC |
||
| 999 |
_c909698 _d909698 |
||